History Quiz

Random History or Art Quiz
Score 0/21 Timer 05:00
1 Play Today
% Correct
Napoleon Bonaparte
96.5%
William Shakespeare
94.7%
Jeanne d'Arc
91.8%
Theodore Roosevelt
88.7%
Henry VIII of England
87.8%
Wolfgang Amadeus Mozart
86.2%
Martin Luther
80.3%
Christopher Columbus
80.1%
Pocahontas
62.5%
Alexander Hamilton
55.9%
Paul Revere
54.3%
% Correct
Charlemagne
48.2%
Dante Alighieri
46.8%
Peter I of Russia
41.7%
Niccolò Machiavelli
41.5%
Maximilien Robespierre
40.5%
Lorenzo de' Medici
36.7%
Suleiman the Magnificent
26.9%
Sir Thomas More
24.9%
Philip IV of Spain
17.3%
Francis I of France
10%

You're not logged in!

Compare scores with friends on all Sporcle quizzes.
OR
Log In

Sporcle TV

Today on Sporcle TV


Watch our educational content, quiz creation guides, and fun videos on Sporcle TV.

Show Comments

Extras

Top Quizzes Today


Score Distribution

Paid Content

Your Account Isn't Verified!

In order to create a playlist on Sporcle, you need to verify the email address you used during registration. Go to your Sporcle Settings to finish the process.

Report this User

Report this user for behavior that violates our Community Guidelines.

Details: